000 00996cam a22002774a 4500
999 _c7929
_d7929
001 13511058
003 OSt
005 20200128100525.0
008 040303s2005 enka b 001 0 eng
010 _a 2004046919
020 _a9788131709276
040 _aDLC
_cDLC
_dDLC
042 _apcc
050 0 0 _aHD58.7
_b.M85 2005
082 0 0 _a658.3
_222
_bMUL/M
100 1 _aMullins, Laurie J.
_91626
245 1 0 _aManagement and organisational behaviour /
_cLaurie J. Mullins.
250 _a7th ed.
260 _aHarlow, England ;
_aNew York :
_bPrentice Hall/Financial Times,
_c2005.
300 _axxiv, 1095 p. :
_bcol. ill. ;
_c27 cm.
504 _aIncludes bibliographical references and index.
650 0 _aOrganizational behavior.
906 _a7
_bcbc
_corignew
_d1
_eocip
_f20
_gy-gencatlg
942 _2ddc
_cBK
_h658.3
_iMUL/M
_k658.3
_mMUL/M